Quizzes
Events
Quiz Creation
Community
Videos
Private Events
Remove Ads
Sign In
Join for FREE
Feedback
Dark Mode
Quiz Categories
Sports
Geography
Music
Movies
Television
Just For Fun
Miscellaneous
History
Literature
Language
Science
Gaming
Entertainment
Religion
Holiday
For Kids
Quiz Lab
Recent
Popular Today
Quiz Kudos Today
Editor Picks
Curator Picks
Quizzes by...
Day
Popularity
Type
Ratings
Length
Year
Community
Subscriptions
Recent Discussions
Orange Saloon
Badges
Playlists
Quests
Create
Leaderboards
Showdown
Live 5
Trivia Bingo
Activity
Puzzle Library
Sporcle Events
Private Events
Virtual Trivia
Globe League
Become a Host
Pub Owners
SporcleCon
Opinionation
Our Games
Videos
Blog
Mobile Apps
Partnerships
Remove Ads and Go Orange
Feedback
Sports
Athletes
MLB
NBA
NHL
NFL
Soccer
Sports Teams
WWE
NCAA
Football
Premier League
Basketball
Baseball
Hockey
Golf
Tennis
Cricket
Rugby
Auto Racing
Olympics
World Cup
Sports
Athletes
MLB
NBA
NHL
NFL
Soccer
Sports Teams
WWE
NCAA
Football
Premier League
Basketball
Baseball
Hockey
Golf
Tennis
Cricket
Rugby
Auto Racing
Olympics
World Cup
Random Quiz
Search Sporcle
×
Quiz Lab
Quiz Lab
Sports
Premier League
Type in answers that appear in a list
Type in answers that appear in a list
Classic
Best Score? Go Orange.
English Premier League Captains (2012/2013) Stats
Can you name the team captains from the English Premier League for the season 2012/2013?
By
bierhoff64
4m
20 Questions
1,062 Plays
1,062 Plays
1,062 Plays
Comments
Comments
Give Quiz Kudos
Give Quiz Kudos
-
- Ratings
hide this ad
Replay
Link that replays current quiz
Next Quiz
Link to next quiz in quiz playlist
You Got
0%
They Got
Avg Score
51%
Avg Friend Score
Upgrade to see
Score Distribution
Jump to the score distribution portion of the page
Score
0/20
Timer
04:00
0
Plays Today
Team
Captain
% Correct
Chelsea
John Terry
87.9%
Arsenal
Thomas Vermaelen
84.9%
Liverpool
Steven Gerrard
84.9%
Manchester United
Nemanja Vidic
80.5%
Manchester City
Vincent Kompany
76.8%
Everton
Phil Jagielka
61.4%
Aston Villa
Ron Vlaar
53.8%
Tottenham Hotspur
Michael Dawson
51.9%
Fulham
Brede Hangeland
50.8%
West Ham United
Kevin Nolan
49.6%
Team
Captain
% Correct
Norwich City
Grant Holt
48.9%
Queens Park Rangers
Clint Hill
47.3%
Stoke City
Ryan Shawcross
44.6%
Newcastle United
Fabricio Coloccini
37.4%
Sunderland
Lee Cattermole
34.1%
Wigan Athletic
Gary Caldwell
28.4%
West Bromwich Albion
Chris Brunt
27.1%
Southampton
Adam Lallana
26.1%
Swansea City
Ashley Williams
23.6%
Reading
Jobi McAnuff
16.1%
Quiz Playlist
Details
Report
Send in Message
Add To Playlist
Classic:
Type in answers that appear in a list
Last Updated: Feb 16, 2017
Quiz Scoreboard
CHALLENGE
Sign Up to Join the Scoreboard
Show All
Scores
Hide
Comments
May contain spoilers
Recently Published
NBA Finals Game Top Scorers (2010s)
by flibbidy
Sports
5m
Guess the 'R' Things in 3 Words
by MSUKent
Miscellaneous
3m
Actor to Badly Drawn Movie III
by MoMosMoProblems
Movies
5m
More to Explore
Quiz From the Vault
Featured Blog Post
Where Does Lost Luggage Go?
hide this ad
You Might Also Like...
Tags
Premier League Quiz
2011
2012
captain
English
League
Premier
season
team
Today's Top Quizzes in Sports
Browse Sports
hide this ad
Today's Top Quizzes in Premier League
Browse Premier League
Top Contributed Quizzes in Sports
1
Les joueurs à 100 buts en Ligue 1 Uber Eats
2
2022 World Cup Stars
3
Millionaire: NBA Finals Edition
4
2024 March Madness Bracket
5
Players with Multiple 50 Home Run Seasons
6
Criteria MLB: Left Handed Sluggers
7
Nickname Match: Athletes VI
8
Iconic Moments in Football - Multiple Choice
9
NFL MVPs ordered
10
NBA Championships Per City
Explore More
Trending Topics
Kpop
NBA
Harry Potter
Disney
Marvel
Crossword
Anime
Soccer
WWE
Pokémon
NFL
The Office
Puzzle
Song
Country
hide this ad
More By:
bierhoff64
Quiz
Plays
Rating
Category
Featured
Created
Megacities of the world
1,631
4.57
Geography
Aug 15, 2011
English Premier League Captains (2012/2013)
1,062
3.00
Sports
Jun 27, 2011
IPL: Mumbai Indians
926
5.00
Sports
Apr 27, 2012
Countries ending in Vowels
859
5.00
Geography
Sep 2, 2011
Uncharted 3 Weapons
855
5.00
Gaming
Jun 26, 2011
Go to Creator's Profile
Score Distribution
Quiz Creator Spotlight
bierhoff64
Follow
Send a Message
Quizzes Created
-
Created Quiz Play Count
-
More By This Creator
Popular Quizzes Today
1
Find the US States - No Outlines Minefield
2
Find the US States
3
The Countries of the World
4
10 Largest US States in Order
5
Find the Countries of Europe - No Outlines Minefield
6
US States
7
Guess the 'R' Things in 3 Words
8
NBA Finals Game Top Scorers (2010s)
More Sports Quizzes
Baseball Blitz
Published
Trending Quizzes
First Name TV: Leading Men
Match the Book to the Film II
First Name TV: Leading Women Drama
Match the Book to the Film VI
Pick A Pair: Religious TV
Recently Updated
Women's Final Four Teams by Year
bhenderson79
Presidents Quartet II
eogle
Anything But Clue(do)
eogle
Anything But Oceanian Capitals
eogle
Anything But 7
eogle
Anything But Thing
eogle
Word Ladder: February 29
pecheneg
Song Title Questions
pecheneg
Women's NCAA Tournament #1 Seeds
pecheneg
Celebrity Mug Shots
pecheneg
Trending Topics
Kpop
Crossword
NBA
Disney
Anime
Marvel
Harry Potter
Soccer
Country
WWE
Pokémon
Puzzle
The Office
NFL
Song
Your Account Isn't Verified!
In order to create a playlist on Sporcle, you need to verify the email address you used during registration. Go to your
Sporcle Settings
to finish the process.
Report this User
Report this user for behavior that violates our
Community Guidelines
.
Details:
Send Report
Go to the Sporcle.com Mobile Site →
Comments